[Event "Suhar op"]
[Site "Suhar"]
[Date "2024.12.12"]
[Round "2"]
[White "Mohamed, Fadil Syed Ibrahim"]
[Black "Allam, Emad Hamdy"]
[Result "0-1"]
[WhiteElo "1552"]
[BlackElo "2044"]
[PlyCount "98"]
[EventDate "2024.12.12"]
[EventType "swiss"]
[EventRounds "7"]
[EventCountry "OMN"]
[SourceTitle "CB52_2024"]
[SourceDate "2024.12.25"]
[SourceVersion "1"]
[SourceVersionDate "2024.12.25"]
[SourceQuality "1"]

1. d4 Nf6 2. Nf3 g6 3. Bf4 d6 4. e3 Nh5 5. Bg3 Nxg3 6. hxg3 Bg7 7. c3 0-0 8. Bd3 c5 9. Nbd2 e5 10. d5 f5 11. e4 f4 12. Nf1 Nd7 13. g4 c4 14. Bxc4 Nc5 15. Bd3 Bxg4 16. b4 Nxd3+ 17. Qxd3 a5 18. b5 a4 19. a3 Bf6 20. N1d2 Qa5 21. Rb1 Rfc8 22. c4 Bxf3 23. gxf3 Bd8 24. Ke2 Bb6 25. Rh6 Rc7 26. Qc2 Bc5 27. Qd1 b6 28. Qg1 Rg7 29. Qg4 Re8 30. Rg1 Bxf2 31. Rg2 Be3 32. Nf1 Qc3 33. Nxe3 Qxe3+ 34. Kf1 Qc1+ 35. Kf2 Qxa3 36. Qh4 Qc5+ 37. Kf1 Qxc4+ 38. Kg1 a3 39. Rxh7 Qc5+ 40. Kf1 Qxb5+ 41. Kg1 Qb1+ 42. Kf2 Qc2+ 43. Kf1 Qd3+ 44. Kg1 Qe3+ 45. Kh2 Rxh7 46. Rxg6+ Kh8 47. Rh6 Qe2+ 48. Kh1 Qxf3+ 49. Kh2 Qg3+ 0-1